The technical writer's handbook : (Record no. 62257)
[ view plain ]
| 000 -LEADER | |
|---|---|
| fixed length control field | 00791nam a2200241 a 4500 |
| 001 - CONTROL NUMBER | |
| control field | 62257 |
| 003 - CONTROL NUMBER IDENTIFIER | |
| rucl marc code | BD-RjUL |
| 005 - DATE AND TIME OF LATEST TRANSACTION | |
| control field | 20211209081048.0 |
| 008 - FIXED-LENGTH DATA ELEMENTS--GENERAL INFORMATION | |
| fixed length control field | 170123s1989 ii bf 000 0 eng |
| 020 ## - INTERNATIONAL STANDARD BOOK NUMBER | |
| International Standard Book Number | 9788130913889 |
| 035 ## - SYSTEM CONTROL NUMBER | |
| System control number | (BD-RjUL) 62383 |
| 040 ## - CATALOGING SOURCE | |
| Original cataloging agency | DLC |
| Transcribing agency | DLC |
| Modifying agency | BD-RjUL |
| Language of cataloging | eng |
| 041 ## - LANGUAGE CODE | |
| Language code of text/sound track or separate title | eng |
| 082 00 - DEWEY DECIMAL CLASSIFICATION NUMBER | |
| Classification number | 808.0666 |
| Edition number | 23 |
| Author mark and year | YOT 2009 |
| 100 1# - MAIN ENTRY--PERSONAL NAME | |
| Personal name | Young, Matt, |
| Dates associated with a name | 1941- |
| 9 (RLIN) | 185182 |
| 245 14 - TITLE STATEMENT | |
| Title | The technical writer's handbook : |
| Remainder of title | writing with style and clarity / |
| Statement of responsibility, etc. | Matt Young. |
| 260 ## - PUBLICATION, DISTRIBUTION, ETC. (IMPRINT) | |
| Place of publication, distribution, etc. | Mill Valley, Calif. : |
| Name of publisher, distributor, etc. | University Science Books, |
| Date of publication, distribution, etc. | c2004 [reprinted 2009] |
| 300 ## - PHYSICAL DESCRIPTION | |
| Pagination | xi, 232 p. ; |
| Size | 22 cm. |
| 504 ## - BIBLIOGRAPHY, ETC. NOTE | |
| Bibliography, etc | Includes bibliographical references (p. 231-232). |
| 650 #0 - SUBJECT ADDED ENTRY--TOPICAL TERM | |
| Topical term or geographic name as entry element | Technical writing |
| General subdivision | Handbooks, manuals, etc. |
| 9 (RLIN) | 185183 |
| 942 ## - ADDED ENTRY ELEMENTS (KOHA) | |
| Source of classification or shelving scheme | Dewey Decimal Classification |
| Koha item type | Books |
| Lost status | Source of classification or shelving scheme | Damaged status | Not for loan | Collection code | Permanent Location | Current Location | Shelving location | Date acquired | Source of acquisition | Cost, normal purchase price | Total Checkouts | Full call number | Date last seen | Copy number | Koha item type |
|---|---|---|---|---|---|---|---|---|---|---|---|---|---|---|---|
| Dewey Decimal Classification | Not For Loan | Non-fiction | Central Library, University of Rajshahi | Central Library, University of Rajshahi | Reading Room | 06/07/2013 | Dhaka paragon enterprises ltd. | 420.00 | 808.0666 YOT 2009 | 23/01/2017 | C-1 | Books |